Регионална библиотека "Любен Каравелов" - Русе

Самотният цар в Кремъл (Запис номер 26996)

MARC детайли
000 -Лидер
Контролно поле с фиксирана дължина 01941nam a2200409 c 4500
003 - Код на организацията, давaща контролен номер
Контролно поле BLK
005 - Дата и час на последна редакция
Контролно поле 20200305173057.0
008 - Елементи от данни с фиксирана дължина
fixed length control field 180413b bul|||||r ||||||| ||bul||
010 ## - Наследен системен номер
LC control number KNG00029562000
020 ## - Международен стандартен номер на книга ISBN
Международен стандартен номер на книга ISBN 954-90571-1-9
-- издат.: Инвестпрес
040 ## - Източник на каталожния запис
Идентификатор на билиотеката - собственик на записа BLK
041 ## - Код за език
Код за езика на текст/звукозапис или на отделно заглавие Български
Код за езика КДБФ Български
080 ## - УДК
Текстов определител УДК Вътрешна политика. Вж и 329
УДК код - определител по УДК 323
УДК определител (470)(092)
УДК - код + определител 323(470)(092)
080 ## - УДК
Текстов определител УДК Политика. Вж и 341 ; 342
УДК код - определител по УДК 32
УДК определител (470)(092)
УДК - код + определител 32(470)(092)
080 ## - УДК
Текстов определител УДК Руски президент
УДК код - определител по УДК 929 Елцин, Борис Николаевич
УДК определител
УДК - код + определител 929 Елцин, Борис Николаевич
100 1# - Редна дума - Автор
Автор Андриянов, Виктор Иванович
Авторска отговорност първи автор
R(LIN) 32476
139 ## - Редно поле
Редна дума Андриянов, Виктор Иванович и др.
Авторски знак Елц - Е 56
245 10 - Сведения за заглавието
Заглавие Самотният цар в Кремъл
Подзаглавни данни Борис Елцин и неговите екипи : Кн. 1 -
Редно поле (дума) Виктор Иванович Андриянов; съавт. Александър Викентиевич Черняк; прев. от рус. Буря Тоушек.
Том Кн. 1
257 ## - Страна на издаване
Страна на създаване/издаване Русия
260 ## - Област на издателските данни
-- София
Име на издателя, разпространителя и проч. Инвестпрес
Година на издаване 1999
300 ## - Физическа характеристика
Размери/Мащаб 20 см
380 ## - Жанр
Жанр Обществени науки
500 ## - Общи забележки
Забележка Ориг. загл. Одинокий царь в Кремле.
600 14 - Име на лице, използвано като предмет
За него / За нея Елцин, Борис Николаевич
9 (RLIN) 266340
650 #4 - Допълнително описание по предмет – тема
Основно описание – тема или топоним Русия - политика
9 (RLIN) 245505
653 ## - Ключова дума – ненормативна
Ключова дума вътрешна политика
653 ## - Ключова дума – ненормативна
Ключова дума Русия
653 ## - Ключова дума – ненормативна
Ключова дума Кремъл
700 1# - Други автори (авторска отговорност)
Лично име Черняк, Александър Викентиевич
Автороска отговорност (Описва отношението между автора и произведението) съавт.
9 (RLIN) 269048
700 1# - Други автори (авторска отговорност)
Лично име Тоушек, Буря
Автороска отговорност (Описва отношението между автора и произведението) прев. от рус.
9 (RLIN) 130823
760 1# - Описание на основната серия
Редна дума на основното описание Андриянов, Виктор Иванович
Място на издаване, издател и година 1999
Страници - том 640 с.
Забележка - том Библиогр. с. 636-637.
Заглавие Кн. 1
852 ## - Местоположение
Форматна сигнатура Цб 202752
856 4# - Електронен адрес и достъп
Електронен формат pdf - файл
Път до файла /url/
856 4# - Електронен адрес и достъп
Електронен формат pdf - файл
Път до файла /url/
942 ## - АРТИКУЛИ
Вид на библиотечния материал Книги
Скрит в OPAC Не
Koha issues (borrowed), all copies 1
944 ## - СЪЗДАВАНЕ И РЕДАКЦИЯ на ЗАПИСА
Създаване/Редакция Създаване
Дата на регистрацията/редакция 15.01.2003
Служител, извършил регистрацията/редакцията Диана_Димитрова
944 ## - СЪЗДАВАНЕ И РЕДАКЦИЯ на ЗАПИСА
Създаване/Редакция Редакция
Дата на регистрацията/редакция 06.02.2012
Служител, извършил регистрацията/редакцията
999 ## - СИСТЕМНИ КОНТРОЛНИ НОМЕРА
Koha biblionumber 26996
Koha biblioitemnumber 26996
Наличности
Код за отписване Код за изгубен артикул Източник на класификационната схема Код за повреда Коз за рестрикции Код за отдаване Артикулен № Име на библиотеката - собственик Име на библиотеката, в която се намира в момента Статус (Текущо местоположение) Дата на вписване в системата Местоположение - отдел Цена в лева Инвентарен номер Систематично азбучна сигнатура Баркод Номер на екземпляра Цена в евро Служебна бележка Служебен тип на артикула
  Не е изгубен Universal Decimal Classification Не е повреден без рестрикции заемане за дома 43753 Регионална библиотека "Любен Каравелов" Русе Регионална библиотека "Любен Каравелов" Русе Заемна - подръчен фонд 1999-01-01 Заемна - подръчен фонд 10.00 651742 П 323(47+57)/А 66 120000651742 1 5.11 Дост: Pk Вид: Ф N: стар фонд Дата: 01.01.1999 Дата инв: 02.02.2018 Бележки инв: П2018 Книги
  Не е изгубен Universal Decimal Classification Не е повреден без рестрикции ползва се в читалня 43754 Регионална библиотека "Любен Каравелов" Русе Регионална библиотека "Любен Каравелов" Русе Хранилище 1999-01-01 Хранилище 10.00 658209 Цб 202752 120000658209 2 5.11 Дост: Dp Вид: Д N: стар фонд Дата: 01.01.1999 Книги
Vip Innovations Ltd, Rousse, Bulgaria 2025